000 01368cam a2200157 4500500
005 20260329011923.0
041 _afre
042 _adc
100 1 0 _aBourgeois, Didier
_eauthor
245 0 0 _aLorsque le corps devient oeuvre ultime
260 _c2009.
500 _a42
520 _aL’observance thérapeutique est un objectif essentiel dans la prise en charge des patients atteints de schizophrénie. Elle dépend de plusieurs paramètres. Dans le but de relever des facteurs prédictifs de mauvaise observance, nous avons mené une étude transversale comparant deux groupes de patients schizophrènes suivis en ambulatoire, distincts par la qualité de leur observance thérapeutique. Il ressort de notre travail un taux de mauvaise observance de 54.1 % parmi les 61 patients colligés, et une corrélation positive entre le soutien familial, l’insight (échelle Q8), la perception subjective du traitement (DAI 10) et l’observance thérapeutique. Nos résultats confortent les données de la littérature. L’identification des facteurs de risque de mauvaise observance thérapeutique est d’une importance capitale, il en va de la prévention et du pronostic de la maladie.
786 0 _nPsy Cause | 55 | 3 | 2009-01-07 | p. 10-15 | 1245-2394
856 4 1 _uhttps://shs.cairn.info/revue-psy-cause-2009-3-page-10?lang=fr&redirect-ssocas=7080
999 _c1866181
_d1866181